<?xml version="1.0" encoding="UTF-8"?>
<record
    xmlns:xsi="http://www.w3.org/2001/XMLSchema-instance"
    xsi:schemaLocation="http://www.loc.gov/MARC21/slim http://www.loc.gov/standards/marcxml/schema/MARC21slim.xsd"
    xmlns="http://www.loc.gov/MARC21/slim">

  <leader>01528    a2200205   4500</leader>
  <controlfield tag="001">27427</controlfield>
  <controlfield tag="005">20260407155549.0</controlfield>
  <controlfield tag="008">260407a1968    arg                 spa d</controlfield>
  <controlfield tag="003">AR-UNSa-BCEJYS</controlfield>
  <datafield tag="040" ind1=" " ind2=" ">
    <subfield code="a">AR-UNSa-BCEJYS</subfield>
    <subfield code="b">spa</subfield>
    <subfield code="c">AR-UNSa-BCEJYS</subfield>
  </datafield>
  <datafield tag="080" ind1=" " ind2=" ">
    <subfield code="a">658.5</subfield>
    <subfield code="x">Planificaci&#xF3;n y control de la producci&#xF3;n
</subfield>
  </datafield>
  <datafield tag="245" ind1="1" ind2="0">
    <subfield code="a">Control de la producci&#xF3;n</subfield>
    <subfield code="p">Sistemas y decisiones</subfield>
  </datafield>
  <datafield tag="264" ind1=" " ind2="1">
    <subfield code="a">M&#xE9;xico :</subfield>
    <subfield code="b">Diana</subfield>
    <subfield code="c">1968</subfield>
  </datafield>
  <datafield tag="300" ind1=" " ind2=" ">
    <subfield code="a">710 p.</subfield>
    <subfield code="c">24 cm.</subfield>
  </datafield>
  <datafield tag="505" ind1=" " ind2=" ">
    <subfield code="a">Parte I: Introducci&#xF3;n: 1. Dise&#xF1;o de sistemas - 2. La l&#xF3;gica del dise&#xF1;o de sistemas y de la toma de decisiones - 3. Conceptos del control de la producci&#xF3;n - Parte II: Dato de entrada al sistema de producci&#xF3;n: 4. Informaci&#xF3;n de producto y elaboraci&#xF3;n - 5. Informaci&#xF3;n de costos - 6. Prediccci&#xF3;n de la cantidad - 7. Sistemas de inventario - 8. Decisiones de inventarios - 9. Datos para la programaci&#xF3;n - Parte III: Dise&#xF1;o de sistemas: 10. La organizaci&#xF3;n y las instalaciones - 11. Sistemas manuales de control - 12. Elaboraci&#xF3;n de datos en tajetas - 13. Equipo de tarjetas de datos - 14. Equipo de computadoras - 15. Sistemas de computadoras - Parte IV: Toma dedecisiones: 16. Programaci&#xF3;n gr&#xE1;fica - 17.Programaci&#xF3;n lineal - 18. Ayudas mec&#xE1;nicas - 19. Analog&#xED;as de condiciones y modelos her&#xED;sticos - Parte V: Los sistemas en la pr&#xE1;ctica : 20. Presentaci&#xF3;n del dise&#xF1;o de sistemas - 21. Dise&#xF1;o y redise&#xF1;o - 22. Hoy y ma&#xF1;ana. </subfield>
  </datafield>
  <datafield tag="942" ind1=" " ind2=" ">
    <subfield code="c">BK</subfield>
  </datafield>
  <datafield tag="590" ind1=" " ind2=" ">
    <subfield code="a">niveau_biblio:m niveau_hierar:0</subfield>
  </datafield>
  <datafield tag="100" ind1="1" ind2=" ">
    <subfield code="a">Greene, James H.</subfield>
  </datafield>
  <datafield tag="700" ind1="1" ind2=" ">
    <subfield code="a">Blanco, Felix</subfield>
  </datafield>
  <datafield tag="999" ind1=" " ind2=" ">
    <subfield code="c">1588</subfield>
    <subfield code="d">1588</subfield>
  </datafield>
  <datafield tag="952" ind1=" " ind2=" ">
    <subfield code="0">0</subfield>
    <subfield code="1">0</subfield>
    <subfield code="4">0</subfield>
    <subfield code="7">0</subfield>
    <subfield code="a">BCEJYS</subfield>
    <subfield code="b">BCEJYS</subfield>
    <subfield code="c">16</subfield>
    <subfield code="d">2026-04-07</subfield>
    <subfield code="l">0</subfield>
    <subfield code="o">658.5 G795c</subfield>
    <subfield code="p">L23284</subfield>
    <subfield code="r">2026-04-07 15:55:49</subfield>
    <subfield code="w">2026-04-07</subfield>
    <subfield code="y">L</subfield>
  </datafield>
  <datafield tag="952" ind1=" " ind2=" ">
    <subfield code="0">0</subfield>
    <subfield code="1">0</subfield>
    <subfield code="4">0</subfield>
    <subfield code="7">0</subfield>
    <subfield code="a">BCEJYS</subfield>
    <subfield code="b">BCEJYS</subfield>
    <subfield code="c">16</subfield>
    <subfield code="d">2026-04-07</subfield>
    <subfield code="l">0</subfield>
    <subfield code="o">658.5 G795c</subfield>
    <subfield code="p">L23285</subfield>
    <subfield code="r">2026-04-07 15:55:49</subfield>
    <subfield code="w">2026-04-07</subfield>
    <subfield code="y">L</subfield>
  </datafield>
</record>
